Countries that end with u - Statistics

General Stats
  • This quiz has been taken 32 times
  • The average score is 5 of 6
Answer Stats
Answer % Correct
Tuvalu
96%
Vanuatu
89%
Peru
86%
Nauru
82%
Palau
79%
Guinea Bissau
32%
No matching quizzes found
Score Distribution
Percent of People with Each Score
Percentile by Number Answered
Your Score History
You have not taken this quiz